LEADER 01095nam0-2200373---450- 001 990009748860403321 005 20130704162836.0 010 $a88-422-0658-X 035 $a000974886 035 $aFED01000974886 035 $a(Aleph)000974886FED01 035 $a000974886 100 $a20130625d1996----km-y0itay50------ba 101 0 $aita 102 $aIT 105 $aac--ab--001yd 200 1 $aSergio Saroni$fa cura di Giovanni Romano 210 $aTorino$cU. Allemandi$dc1996 215 $a211 p.$cill.$d31 cm 300 $aCatalogo della Mostra tenuta a Torino nel 1996-1997 300 $aIn testa al front.: Regione Piemonte 610 0 $aSaroni, Sergio <1934-1991> 610 0 $aPittura italiana$aSec. 20.$aEsposizioni$aTorino$a1996-1997 676 $a759.06 676 $a759.5 702 1$aSaroni,$bSergio$f<1934-1991> 702 1$aRomano,$bGiovanni$f<1939- > 801 0$aIT$bUNINA$gRICA$2UNIMARC 901 $aBK 912 $a990009748860403321 952 $a759.06 SAR 1$bBIBL. 63150$fFLFBC 959 $aFLFBC 996 $aSergio Saroni$9833876 997 $aUNINA LEADER 01024nam a2200253 i 4500 001 991004191899707536 005 20020509155804.0 008 960620s1987 fr ||| | ||| 020 $a2070378608 035 $ab11284924-39ule_inst 035 $aPARLA197929$9ExL 040 $aDip.to Filosofia$bita 100 1 $aPascal, Blaise$028760 245 14$aLes Provinciales :$bou Les lettres ecrites par Louis Montalte à un provincial de ses amis et aux RR.PP. Jesuites sur le sujet de la morale et de la politique de ces Pères /$cBlaise Pascal ; Edition presente par Michel Le Guern 260 $aParis :$bGallimard,$cc1987 300 $a410 p. ;$c19 cm. 490 0 $aCollection folio ;$v1860 700 1 $aLe Guern, Michel 907 $a.b11284924$b23-02-17$c01-07-02 912 $a991004191899707536 945 $aLE005 MF 36 A 9$g1$iLE005N-9191$lle005$o-$pE0.00$q-$rl$s- $t0$u0$v0$w0$x0$y.i11450216$z01-07-02 996 $aProvinciales$914789 997 $aUNISALENTO 998 $ale005$b01-01-96$cm$da $e-$feng$gfr $h4$i1